Normal view
MARC view
- Islam
Entry Topical Term
001 - CONTROL NUMBER
- control field: 6538
003 - CONTROL NUMBER IDENTIFIER
- control field: NUST
005 - DATE AND TIME OF LATEST TRANSACTION
- control field: 20171120114342.0
008 - FIXED-LENGTH DATA ELEMENTS
- fixed length control field: 171120|| aca||aabn | a|a d
040 ## - CATALOGING SOURCE
- Original cataloging agency: NUST
- Transcribing agency: NUST
150 ## - HEADING--TOPICAL TERM
- Topical term or geographic name entry element: Islam
- General subdivision: Apologetic works.
670 ## - SOURCE DATA FOUND
- Source citation: Work cat.: (NUST)0: Izetbegović, Alija, 1925- 6537, Islam between East and West /, 1984.
